000
00276nam a2200121Ia 4500
005
20251222153533.0
008
251222s9999||||xx |||||||||||||| ||spa||
020
_a
84-8280-3
082
_a
869.15/F89C
100
_a
"Fuentes, Carlos"
245
0
_a
Cambio de piel
942
_c
LIB
999
_c
30153
_d
30153